| 000 | 00000nam##2200000za#4500 |
| 001 | 9.698288 |
| 003 | CaOODSP |
| 005 | 20210624235848 |
| 007 | cr ||||||||||| |
| 008 | 150407|2001||||xxc|||||o f|0| 0 eng|d |
| 040 | |aCaOODSP|beng |
| 043 | |an-cn--- |
| 086 | 1 |aNS3-33/2000E-PDF |
| 110 | 2 |aNatural Sciences and Engineering Research Council of Canada. |
| 245 | 10|aEligibility of expenses |h[electronic resource] |
| 246 | 1 |iAdditional title (within publication) : |aChanges to the CIHR grants and awards 2000-2001 guide |
| 260 | |aOttawa - Ontario : |bNatural Sciences and Engineering Research Council |cc2001. |
| 300 | |a12, 1p ; |eChanges to the CIHR grants and awards 2000-2001 guide. 1 p. |
| 500 | |a"The information contained in this document supersedes parts of the NSERC Researcher's Guide, SSHRC Grant Holder's Guide and CIHR Grants and Awards Guides."--Foreword, p.3 of 12. The catalogue number (NS3-33/2000) and ISBN (0-662-65395-5) for the bilingual print edition have been incorrectly copied in this electronic publication. |
| 590 | |a13-18-Supp|b2013-08-01 |
| 690 | 07|aAwards|2gcpds |
| 690 | 07|aEligibility|2gcpds |
| 690 | 07|aGrants|2gcpds |
| 775 | 08|tAdmissibilité des dépenses |w(CaOODSP)9.642300 |
| 776 | 0#|tEligibility of expenses |w(CaOODSP)9.662387 |
| 776 | 0#|tAdmissibilité des dépenses |w(CaOODSP)9.662388 |
| 856 | 40|ahttp://publications.gc.ca|qPDF|s98 KB|uhttps://publications.gc.ca/collections/Collection/NS3-33-2000E-1.pdf |
| 856 | 40|ahttp://publications.gc.ca|qPDF|s420 KB|uhttps://publications.gc.ca/collections/Collection/NS3-33-2000E.pdf |